Elektronika měsičník pro elektronizaci národního hospodářství

Uložené v:
Podrobná bibliografia
Médium: Seriál
Jazyk:Czech
Vydavateľské údaje: Praha Fed. min. elektrotechn. prům.
Tagy: Pridať tag
Žiadne tagy, Buďte prvý, kto otaguje tento záznam!

MARC

LEADER 00000nas1a22000001 4500
001 s120671
005 20041019155346.4
041 0 |a cze 
044 |a CZ 
245 1 0 |a Elektronika  |b měsičník pro elektronizaci národního hospodářství 
264 1 |a Praha  |b Fed. min. elektrotechn. prům.